[Event "Budapest FS08 Nadassy"]
[Site "Budapest"]
[Date "2023.08.06"]
[Round "2.1"]
[White "Juracsik, Jozsef"]
[Black "Ladanyi, Tibor"]
[Result "1-0"]
[WhiteElo "1923"]
[BlackElo "2018"]
[PlyCount "129"]
[EventDate "2023.08.05"]
[EventType "team-tourn"]
[EventRounds "10"]
[EventCountry "HUN"]
[SourceTitle "EXT 2024"]
[Source "ChessBase"]
[SourceDate "2023.10.10"]
[SourceVersion "1"]
[SourceVersionDate "2023.10.10"]
[SourceQuality "1"]
[WhiteTeam "Team Lower Elo"]
[BlackTeam "Team Higher Elo"]
[WhiteTeamCountry "HUN"]
[BlackTeamCountry "HUN"]

1. e4 c5 2. Nf3 Nc6 3. Nc3 e5 4. Bb5 Nge7 5. 0-0 g6 6. d3 Bg7 7. Bg5 h6 8. Be3 d6 9. Qc1 Kf8 10. a4 Nd4 11. Ne1 g5 12. Qd2 Be6 13. Bc4 d5 14. exd5 Nxd5 15. Bxd4 cxd4 16. Nxd5 Bxd5 17. Bxd5 Qxd5 18. Ra3 Kg8 19. Rb3 Rc8 20. Rb5 Qc6 21. Qb4 b6 22. Qb3 Rc7 23. Rb4 Kh7 24. Rc4 Qd7 25. Rxc7 Qxc7 26. Nf3 Rc8 27. Rc1 Kg6 28. h3 Qc6 29. Ne1 h5 30. c3 g4 31. hxg4 hxg4 32. Rc2 dxc3 33. Rxc3 Qd7 34. Rxc8 Qxc8 35. Qd1 f5 36. g3 Qd7 37. Qc2 Bf8 38. Qc4 Bc5 39. Nc2 Kg7 40. b4 Bd4 41. b5 Bc5 42. Ne3 f4 43. gxf4 g3 44. fxe5 Qh3 45. Qg4+ Qxg4 46. Nxg4 gxf2+ 47. Nxf2 Kg6 48. Kg2 Kf5 49. Ne4 Bb4 50. Kf3 Kxe5 51. Ke3 Bf8 52. d4+ Kd5 53. Kd3 Bb4 54. Nf6+ Ke6 55. Ng4 Bf8 56. Ke4 Bg7 57. Ne5 Kd6 58. Nc4+ Ke6 59. Ne3 Bf8 60. Nf5 Bb4 61. d5+ Kd7 62. Kd4 Ba3 63. Kc4 Kc7 64. Nd4 Bf8 65. Ne6+ 1-0

[Event "Budapest Vezerkepzo Christmas FM"]
[Site "Budapest"]
[Date "2023.01.04"]
[Round "9"]
[White "Ladanyi, Tibor"]
[Black "Lokeswara Rao, M."]
[Result "1-0"]
[WhiteElo "2116"]
[BlackElo "1157"]
[PlyCount "65"]
[EventDate "2022.12.26"]
[EventType "schev"]
[EventRounds "10"]
[EventCountry "HUN"]
[SourceTitle "CBM 212 Extra"]
[Source "ChessBase"]
[SourceDate "2023.03.31"]
[SourceVersion "1"]
[SourceVersionDate "2023.03.31"]
[SourceQuality "1"]
[WhiteTeam "Team A"]
[BlackTeam "Team B"]
[WhiteTeamCountry "HUN"]
[BlackTeamCountry "HUN"]

1. d4 Nf6 2. c4 e6 3. Nc3 Bb4 4. Nf3 b6 5. e3 Bb7 6. Bd3 d6 7. Qa4+ Nc6 8. Bd2 Bxc3 9. Bxc3 0-0 10. 0-0 Ne7 11. Qc2 Ng6 12. Nd2 Nh4 13. Ne4 Nd7 14. f3 f5 15. Ng3 Qg5 16. Rae1 Nf6 17. d5 exd5 18. Nxf5 dxc4 19. Bxc4+ d5 20. Nxh4 dxc4 21. Nf5 Rae8 22. e4 Nh5 23. Bd2 Qd8 24. Qxc4+ Kh8 25. Rd1 Rxf5 26. exf5 Qf6 27. Qg4 Qf7 28. Bc3 Ba6 29. Rfe1 Rxe1+ 30. Rxe1 Nf6 31. Bxf6 gxf6 32. Qa4 Bd3 33. Qe8+ 1-0

[Event "Tapolca Evadnyito op"]
[Site "Budapest"]
[Date "2005.01.11"]
[Round "5"]
[White "Ladanyi, Tibor"]
[Black "Lengyel, Bela"]
[Result "0-1"]
[WhiteElo "2183"]
[BlackElo "2313"]
[PlyCount "108"]
[EventDate "2005.01.07"]
[EventType "swiss"]
[EventRounds "9"]
[EventCountry "HUN"]
[SourceTitle "EXT 2008"]
[Source "ChessBase"]
[SourceDate "2007.11.25"]
[SourceVersion "1"]
[SourceVersionDate "2007.11.25"]
[SourceQuality "1"]

1. d4 Nf6 2. c4 g6 3. Nc3 Bg7 4. e4 d6 5. Be2 0-0 6. Nf3 e5 7. d5 a5 8. Bg5 h6 9. Bh4 Na6 10. Nd2 Qe8 11. 0-0 Bd7 12. b3 Nh7 13. f3 f5 14. a3 b6 15. Qb1 h5 16. Bf2 Bh6 17. Rd1 Qe7 18. b4 Nf6 19. c5 bxc5 20. Bxa6 Rxa6 21. bxc5 Raa8 22. Qb7 dxc5 23. Nc4 fxe4 24. Qxc7 exf3 25. Nxe5 Qg7 26. gxf3 Bf4 27. Bg3 Be3+ 28. Kh1 Bd4 29. Rac1 Rac8 30. Qa7 h4 31. Nxd7 hxg3 32. Nb5 Nxd7 33. Nxd4 cxd4 34. Rxc8 Rxc8 35. Qxd4 Qxd4 36. Rxd4 Rc1+ 37. Kg2 gxh2 38. Kxh2 Rc3 39. Kg3 Rxa3 40. Kg4 Kf7 41. Rf4+ Kg7 42. d6 Ra1 43. Kg3 Rd1 44. Ra4 Rd5 45. Kf4 Nb6 46. Ra1 Kf6 47. Ra2 Rf5+ 48. Ke4 g5 49. Rb2 Rf4+ 50. Kd3 Nd7 51. Ke2 a4 52. Rb7 Ke6 53. Ra7 Kxd6 54. Ra5 Nc5 0-1

[Event "Budapest FS12 FM-A"]
[Site "Budapest"]
[Date "2003.12.12"]
[Round "6"]
[White "Lovas, Zsolt"]
[Black "Ladanyi, Tibor"]
[Result "1/2-1/2"]
[WhiteElo "2100"]
[BlackElo "2202"]
[PlyCount "114"]
[EventDate "2003.12.06"]
[EventType "tourn"]
[EventRounds "11"]
[EventCountry "HUN"]
[SourceTitle "CBM 097 Extra"]
[Source "ChessBase"]
[SourceDate "2004.01.13"]
[SourceVersion "1"]
[SourceVersionDate "2004.01.13"]
[SourceQuality "1"]

1. e4 c5 2. Nf3 Nc6 3. c3 Nf6 4. e5 Nd5 5. d4 cxd4 6. cxd4 e6 7. Nc3 Nxc3 8. bxc3 d5 9. Bd3 Be7 10. Qc2 h6 11. 0-0 Bd7 12. Rb1 Qc7 13. Qe2 Na5 14. Bb5 a6 15. Bxd7+ Qxd7 16. Nd2 Rc8 17. Nb3 Nc4 18. Qg4 g6 19. Qe2 b6 20. h3 Qa4 21. Ra1 Na3 22. Bb2 Nb5 23. Qd3 0-0 24. Nc1 Qc4 25. Qxc4 Rxc4 26. Ne2 Ra4 27. f4 Rc8 28. Rfc1 Rc6 29. Kf2 Rcc4 30. Ke3 Ra5 31. Rc2 Rca4 32. Bc1 Kf8 33. Kd3 Ke8 34. g4 Kd7 35. Ng1 Ba3 36. Be3 Bf8 37. Bc1 Ba3 38. Be3 Be7 39. Nf3 Na3 40. Rg2 Nc4 41. Bc1 Rb5 42. Rc2 Ba3 43. Bxa3 Rxa3 44. Nd2 Rb2 45. Nxc4 dxc4+ 46. Kd2 Rxc2+ 47. Kxc2 Kc6 48. Kb2 Ra4 49. Rf1 b5 50. f5 b4 51. fxg6 fxg6 52. Rf6 Kd5 53. cxb4 Rxb4+ 54. Kc3 Ra4 55. Rf7 Rxa2 56. Rd7+ Ke4 57. Kxc4 Rc2+ 1/2-1/2

[Event "Budapest FS12 FM-A"]
[Site "Budapest"]
[Date "2003.12.10"]
[Round "4"]
[White "Zoltan, Andras"]
[Black "Ladanyi, Tibor"]
[Result "0-1"]
[WhiteElo "2066"]
[BlackElo "2202"]
[PlyCount "94"]
[EventDate "2003.12.06"]
[EventType "tourn"]
[EventRounds "11"]
[EventCountry "HUN"]
[SourceTitle "CBM 097 Extra"]
[Source "ChessBase"]
[SourceDate "2004.01.13"]
[SourceVersion "1"]
[SourceVersionDate "2004.01.13"]
[SourceQuality "1"]

1. e4 c5 2. Nf3 Nc6 3. Bb5 Qb6 4. Nc3 e6 5. 0-0 Nge7 6. Re1 a6 7. Bf1 d6 8. b3 Nd4 9. Bb2 Nec6 10. Nxd4 cxd4 11. Nb1 g6 12. d3 Bg7 13. Nd2 Qc7 14. Nf3 0-0 15. Qd2 Bd7 16. c3 Qa5 17. Rec1 Rac8 18. c4 Qxd2 19. Nxd2 Bh6 20. Rd1 Rfd8 21. Ba3 Bf8 22. h3 e5 23. Nf3 f5 24. exf5 gxf5 25. Bc1 Re8 26. a3 Bg7 27. Bb2 Na5 28. b4 Nb3 29. Rab1 Ba4 30. Nd2 Nxd2 31. Rxd2 Bh6 32. Re2 b5 33. Bc1 Bg7 34. Ra2 bxc4 35. dxc4 e4 36. Bf4 d3 37. Bxd6 Rxc4 38. Re1 Rd8 39. Bc5 Bb3 40. Rd2 Bc3 41. Bxd3 exd3 42. Rxd3 Rxd3 43. Re8+ Kf7 44. Rf8+ Ke6 45. Re8+ Kd7 46. Re7+ Kd8 47. Rxh7 Bd4 0-1

[Event "HUN-chT2 0102"]
[Site "Hungary"]
[Date "2002.03.03"]
[Round "8"]
[White "Hidegh, Eszter"]
[Black "Ladanyi, Tibor"]
[Result "1-0"]
[WhiteElo "2079"]
[BlackElo "2267"]
[PlyCount "70"]
[EventDate "2001.??.??"]
[EventType "team"]
[EventRounds "11"]
[EventCountry "HUN"]
[SourceTitle "EXT 2004"]
[Source "ChessBase"]
[SourceDate "2003.11.25"]
[SourceVersion "1"]
[SourceVersionDate "2003.11.25"]
[SourceQuality "1"]

1. e4 c5 2. Nc3 Nc6 3. g3 g6 4. Bg2 Bg7 5. d3 e6 6. Be3 d6 7. f4 Nge7 8. Nf3 Nd4 9. 0-0 0-0 10. e5 Nef5 11. Bf2 Rb8 12. Ne4 dxe5 13. Nxe5 f6 14. Nc4 b6 15. g4 Ne7 16. c3 Ndc6 17. Qe2 h6 18. Rae1 Bd7 19. Ned6 Kh7 20. f5 exf5 21. gxf5 Nxf5 22. Nxf5 Bxf5 23. d4 Qd7 24. dxc5 Ne5 25. Nxe5 fxe5 26. Rd1 Qa4 27. b4 bxc5 28. Bxc5 Rfc8 29. Bd5 Qe8 30. Bxa7 Qe7 31. Bxb8 Rxb8 32. Kh1 e4 33. Qe3 Qh4 34. Rf4 Qg5 35. Rg1 Qh5 1-0

[Event "HUN-chT2 0102"]
[Site "Hungary"]
[Date "2002.02.10"]
[Round "7"]
[White "Ladanyi, Tibor"]
[Black "Kovacs, Istvan"]
[Result "1/2-1/2"]
[WhiteElo "2267"]
[BlackElo "2217"]
[PlyCount "134"]
[EventDate "2001.??.??"]
[EventType "team"]
[EventRounds "11"]
[EventCountry "HUN"]
[SourceTitle "EXT 2004"]
[Source "ChessBase"]
[SourceDate "2003.11.25"]
[SourceVersion "1"]
[SourceVersionDate "2003.11.25"]
[SourceQuality "1"]

1. d4 Nf6 2. c4 e6 3. Nc3 Bb4 4. Nf3 b6 5. Bg5 Bb7 6. e3 h6 7. Bh4 g5 8. Bg3 Ne4 9. Nd2 Nxc3 10. bxc3 Bxc3 11. Rc1 Bxd2+ 12. Qxd2 d6 13. c5 0-0 14. h4 Nc6 15. cxd6 cxd6 16. hxg5 hxg5 17. Qe2 Kg7 18. Qh5 Rh8 19. Qxh8+ Qxh8 20. Rxh8 Rxh8 21. Bxd6 Rh1 22. Kd2 Na5 23. f3 Bd5 24. Bb5 Rxc1 25. Kxc1 Bxa2 26. Bb8 Bc4 27. Bxc4 Nxc4 28. Bxa7 Nxe3 29. Bxb6 Nxg2 30. Kd2 Kg6 31. Bc7 Kf5 32. Ke2 Nf4+ 33. Kf2 Nd5 34. Bd6 g4 35. Kg3 gxf3 36. Kxf3 Nc3 37. Bb8 Nb5 38. Ke3 Kf6 39. Be5+ Ke7 40. Kd3 Kd7 41. Kc4 Kc6 42. Bf6 Nd6+ 43. Kd3 Kd5 44. Be5 f5 45. Bf6 Nc8 46. Bg5 Na7 47. Bd2 Nc6 48. Bc3 Ne7 49. Bb4 Nc8 50. Be1 Nb6 51. Bd2 Kc6 52. Bf4 Kb5 53. Bc7 Nd5 54. Bd6 Nf6 55. Be5 Ng4 56. Bg3 Kb4 57. Bd6+ Kb3 58. Bg3 Nf6 59. Bf4 Nd5 60. Be5 Nb4+ 61. Kd2 Kc4 62. Bf6 Nd3 63. Ke3 Ne1 64. Kd2 Ng2 65. Be5 Nh4 66. Ke3 Ng6 67. Bf6 Nf8 1/2-1/2